000 01423nam a22002654a 4500
001 UTEA
005 20251009152353.0
006 g||||gr||||||01 nz
007 ta
008 251009b es ||||| |||| 00| 0 spa d
020 _a9788418418242
040 _aUTEA
041 _aspa
082 _a617.645
_bV19 2020
100 _aValdivia Castro, Sebastiam
_eAutor
245 _aOdontología infantil :
_bconceptos básicos profesionales /
_cSebastiám Valdivia Castro
_h[Texto Impreso]
250 _a2da. edición
260 _aJaén
_bEditorial Alcalá la Real
_c2020
300 _a152 páginas;
_c17 x 23 cm.
505 _aEl diente -- desarrollo psicológico del niño -- Desarrollo y erupción dentaria -- Caries dental infantil -- Malformaciones craneofaciales. Atención primaria -- Traumatismos dentoalveolares -- Pérdidas dentarias prematuros: mantenedores de espacio y prótesis infantiles -- Cirugía oral en odontopediatría -- patología oral y periodontal en el paciente infantil y adolescente -- Ortodoncia en el niño -- Anestesia y sedación en el paciente infantil -- pacientes con necesidades especiales -- Urgencias en odontopediatría -- Odontología infantil en la sanidad pública -- recomendaciones generales.
650 _aERUPCIÓN DENTARIA
_959749
650 _aDENTOALVEOLARES
_959750
650 _aODONTOPEDDIATRIA
_959751
942 _2ddc
_cBK
_e2025-10-09
_zMag. Cecilio Flores Noa
999 _c17456
_d17456